<?xml version="1.0" encoding="UTF-8"?>
<record
    xmlns:xsi="http://www.w3.org/2001/XMLSchema-instance"
    xsi:schemaLocation="http://www.loc.gov/MARC21/slim http://www.loc.gov/standards/marcxml/schema/MARC21slim.xsd"
    xmlns="http://www.loc.gov/MARC21/slim">

  <leader>00485nam a2200157Ia 4500</leader>
  <controlfield tag="008">190805s9999||||xx |||||||||||||| ||und||</controlfield>
  <datafield tag="020" ind1=" " ind2=" ">
    <subfield code="a">9781906915476</subfield>
    <subfield code="c">&#xA3; 35.00</subfield>
  </datafield>
  <datafield tag="082" ind1="0" ind2="4">
    <subfield code="a">387.16</subfield>
    <subfield code="b">J7101</subfield>
  </datafield>
  <datafield tag="100" ind1="1" ind2=" ">
    <subfield code="a">Jones, Steven</subfield>
  </datafield>
  <datafield tag="245" ind1="1" ind2="0">
    <subfield code="a">Maritime Security handbook: stowaways by sea / </subfield>
  </datafield>
  <datafield tag="260" ind1=" " ind2=" ">
    <subfield code="a">London : </subfield>
    <subfield code="b">The Nautical Institute,</subfield>
    <subfield code="c">2014, reprinted 2016</subfield>
  </datafield>
  <datafield tag="300" ind1=" " ind2=" ">
    <subfield code="a">iv, 74 p.</subfield>
    <subfield code="b"> : col. Ill.</subfield>
    <subfield code="c">; 21 cm.</subfield>
  </datafield>
  <datafield tag="650" ind1=" " ind2="0">
    <subfield code="a">Stowaways</subfield>
  </datafield>
  <datafield tag="852" ind1=" " ind2=" ">
    <subfield code="a">IMU Kochi Library</subfield>
  </datafield>
  <datafield tag="942" ind1=" " ind2=" ">
    <subfield code="c">BK</subfield>
  </datafield>
  <datafield tag="999" ind1=" " ind2=" ">
    <subfield code="c">125</subfield>
    <subfield code="d">125</subfield>
  </datafield>
  <datafield tag="952" ind1=" " ind2=" ">
    <subfield code="0">0</subfield>
    <subfield code="1">0</subfield>
    <subfield code="4">0</subfield>
    <subfield code="6">387_160000000000000_J7101</subfield>
    <subfield code="7">0</subfield>
    <subfield code="8">NUTS</subfield>
    <subfield code="9">554</subfield>
    <subfield code="a">KO</subfield>
    <subfield code="b">KO</subfield>
    <subfield code="c">REF</subfield>
    <subfield code="d">2017-05-22</subfield>
    <subfield code="e">Segment Book Distrubuters</subfield>
    <subfield code="g">3045.00</subfield>
    <subfield code="o">387.16 J7101</subfield>
    <subfield code="p">BK003082</subfield>
    <subfield code="r">2019-08-05</subfield>
    <subfield code="y">BK</subfield>
    <subfield code="z">Shelf-4, Row-3</subfield>
  </datafield>
  <datafield tag="952" ind1=" " ind2=" ">
    <subfield code="0">0</subfield>
    <subfield code="1">0</subfield>
    <subfield code="4">0</subfield>
    <subfield code="6">387_160000000000000_J7101</subfield>
    <subfield code="7">0</subfield>
    <subfield code="8">NUTS</subfield>
    <subfield code="9">555</subfield>
    <subfield code="a">KO</subfield>
    <subfield code="b">KO</subfield>
    <subfield code="c">REF</subfield>
    <subfield code="d">2017-05-22</subfield>
    <subfield code="e">Segment Book Distrubuters</subfield>
    <subfield code="g">3045.00</subfield>
    <subfield code="o">387.16 J7101</subfield>
    <subfield code="p">BK003081</subfield>
    <subfield code="r">2019-08-05</subfield>
    <subfield code="y">BK</subfield>
    <subfield code="z">Shelf-4, Row-3</subfield>
  </datafield>
</record>
